000 00547nam a2200145Ia 4500
008 151213s9999 xx 000 0 und d
100 _aআব্দুস সাত্তার
245 _aআরবী কবিতা
_cআব্দুস সাত্তার
260 _aঢাকা
_bকপোতাক্ষেও পক্ষে আসাদ চেীধুরী
_c23 †k Avlvp 1372/1966 Bs
300 _a6508 p.
650 _aBangla
650 _aবাংলা
700 _aআব্দুস সাত্তার
999 _c3598
_d3598